| 000 | 00465nam a2200109Ia 4500 | ||
|---|---|---|---|
| 008 | 160909s9999 xx 000 0 und d | ||
| 100 | _aDickinson, Lauren A. | ||
| 245 | 4 | _aThe Strength of State Government Reporting: How In-Depth News and Investigative Coverage by Six U.S. Newspapers Fared from 2005 Through 2014 | |
| 260 |
_bThe George Washington University. _c2016 |
||
| 650 | _aMULTIMEDIA ARTS | ||
| 856 | _uhttp://pqdtopen.proquest.com/doc/1807415751.html?FMT=ABS | ||
| 999 |
_c304385 _d304385 |
||